LEADER 01356nam0-2200349---450- 001 990000985400203316 005 20090519130953.0 010 $a88-14-06037-1 035 $a0098540 035 $aUSA010098540 035 $a(ALEPH)000098540USA01 035 $a0098540 100 $a20020225d1996----km-y0ITAy01------ba 101 $aita 102 $aIT 105 $a||||||||001yy 200 1 $aSubappalto e leggi antimafia nei lavori pubblici$eautorizzazione al subappalto dopo la L. 109/1994, piani di sicurezza dopo i decreti 626/1994 e 494/1996, adempimenti con enti previdenziali e similari, reati in materia di lavori pubblici, collegamento fra imprese, comunicazione e informazione antimafia$fGianni Zgagliardich$gcon la collaborazione di Sergio Schiavon 210 $aMilano$cGiuffré$d1996 215 $aXXVI, 1120 p$d25 cm 700 1$aZGAGLIARDICH,$bGianni$0238657 702 1$aSCHIAVON,$bSergio 801 0$aIT$bsalbc$gISBD 912 $a990000985400203316 951 $aXXIV.3.H 7 (IG XI 552)$b12667 G$cXXIV.3.H 7 (IG XI)$d00171604 959 $aBK 969 $aGIU 979 $aPATTY$b90$c20020225$lUSA01$h1415 979 $c20020403$lUSA01$h1740 979 $aPATRY$b90$c20040406$lUSA01$h1708 979 $aRSIAV2$b90$c20090519$lUSA01$h1309 996 $aSubappalto e leggi antimafia nei lavori pubblici$9657488 997 $aUNISA LEADER 03008nam 22006253 450 001 9911008408103321 005 20230822234242.0 010 $a9788418273070 010 $a8418273070 010 $a9788418273025 010 $a841827302X 035 $a(CKB)4100000011232801 035 $a(MiAaPQ)EBC29383253 035 $a(Au-PeEL)EBL29383253 035 $a(MiAaPQ)EBC7180449 035 $a(Au-PeEL)EBL7180449 035 $a(OCoLC)1348613674 035 $a(FINmELB)ELB218988 035 $a(OCoLC)1154335079 035 $a(OCoLC)1455139202 035 $a(Perlego)2163939 035 $a(EXLCZ)994100000011232801 100 $a20220727d2020 uy 0 101 0 $aspa 135 $aurcnu|||||||| 181 $ctxt$2rdacontent 182 $cc$2rdamedia 183 $acr$2rdacarrier 200 10$aNeoliberalismo Como Teología Política $eHabermas, Foucault, Dardot, Laval y la Historia Del Capitalismo Contemporáneo 205 $a1st ed. 210 1$aBarcelona :$cNed Ediciones,$d2020. 210 4$d©2020. 215 $a1 online resource (282 pages) 225 0 $aHuellas y sen?ales 311 08$a9788418273018 311 08$a8418273011 320 $aIncluye referencias bibliogra?ficas. 327 $aNeoliberalismo como teología política: Habermas, Foucault, Dardot, Laval y la historia del capitalismo contemporáneo -- Página legal -- Indice -- Prólogo -- 1 Habermas y el sentido epocal (....) -- 2 El nacimiento de la biopolítica -- 3 La experiencia de Europa -- 4 Neoliberalismo como teología -- 5 Teología política y ontología -- Post scriptum. 330 8 $aEn este libro Villacan?as nos brinda una honda reflexio?n sobre el auge y cai?da del orden neoliberal. Lo hace a trave?s de un estudio panora?mico del pensamiento de Christian Laval y Pierre Dardot, y aporta un valioso enfoque personal al leer sus contribuciones desde las bases teo?ricas que las hacen posibles: la historia sociopoli?tica de Europa, la filosofi?a de Ju?rgen Habermas y el seminario de Michel Foucault El nacimiento de la biopoli?tica.Villacan?as nos permite pensar el neoliberalismo no solo como una racionalidad que ha estructurado el mundo en los u?ltimos cincuenta an?os, sino como una teologi?a poli?tica que implica el advenimiento de una nueva revolucio?n civilizatoria integral, una nueva etapa de la humanidad en que el u?nico contenido formal de la subjetividad es la interiorizacio?n casi pulsional de las reglas naturales de la economi?a liberal. 606 $aNeoliberalismo 606 $aCapitalismo$yS.XXI 606 $aBiopoli?tica 608 $aLibros electro?nicos. 615 4$aNeoliberalismo. 615 4$aCapitalismo 615 4$aBiopoli?tica. 676 $a330.122 700 $aVillacañas$b José Luis$0466428 801 0$bMiAaPQ 801 1$bMiAaPQ 801 2$bMiAaPQ 906 $aBOOK 912 $a9911008408103321 996 $aNeoliberalismo Como Teología Política$94394546 997 $aUNINA